حق المرأة في المساواة بالرجل بين القانون الدولي والشريعة الإسلامية : (رقم التسجيلة. 59515)
[ عرض عادي ]
| 000 -LEADER | |
|---|---|
| fixed length control field | 02975cam a2200313 a 4500 |
| 003 - CONTROL NUMBER IDENTIFIER | |
| control field | EG-GiCUC |
| 005 - DATE AND TIME OF LATEST TRANSACTION | |
| control field | 20250223031641.0 |
| 008 - FIXED-LENGTH DATA ELEMENTS--GENERAL INFORMATION | |
| fixed length control field | 170121s2017 ua f m 000 0 ara d |
| 040 ## - CATALOGING SOURCE | |
| Original cataloging agency | EG-GiCUC |
| Language of cataloging | ara |
| Transcribing agency | EG-GiCUC |
| 041 0# - LANGUAGE CODE | |
| Language code of text/sound track or separate title | ara |
| 049 ## - LOCAL HOLDINGS (OCLC) | |
| Holding library | ايداع |
| 097 ## - Thesis Degree | |
| Thesis Level | دكتوراه |
| 099 ## - LOCAL FREE-TEXT CALL NUMBER (OCLC) | |
| Classification number | Cai01.04.04.Ph.D.2017.عى.ح |
| 100 0# - MAIN ENTRY--PERSONAL NAME | |
| Personal name | عياد على شعبان دربال |
| 245 10 - TITLE STATEMENT | |
| Title | حق المرأة في المساواة بالرجل بين القانون الدولي والشريعة الإسلامية : |
| Remainder of title | دراسة مقارنة في إطار الخصوصية الثقافية للدول الإسلامية / |
| Statement of responsibility, etc. | عياد على شعبان دربال ؛ اشراف أحمد أبوالوفا محمد |
| 260 ## - PUBLICATION, DISTRIBUTION, ETC. | |
| Place of publication, distribution, etc. | القاهرة : |
| Name of publisher, distributor, etc. | عياد على شعبان دربال : |
| Date of publication, distribution, etc. | 2017 |
| 300 ## - PHYSICAL DESCRIPTION | |
| Extent | 673ص ؛ |
| Dimensions | 25سم |
| 502 ## - DISSERTATION NOTE | |
| Dissertation note | اطروحة (دكتوراه) - جامعة القاهرة - كلية الحقوق - قسم القانون الدولى العام |
| 520 ## - SUMMARY, ETC. | |
| Summary, etc. | أخفق منهجا عالمية حقوق الإنسان ونسبيتها في علاج التعارض بين حق المرأة في المساواة بالرجل وقوانين الأسرة في مصر وليبيا والتي تعامل المرأة معاملة مختلفة عن الرجل في مسائل تعدد الزوجات والطلاق والميراث. ولهذا قدمت الدراسة منهجاً بديلاً يعالج هذا التعارض بطريقة قانونية: ويتمثل في مبدأي التناسب والهامش التقديري. طبقت الدراسة هذين المبدأين فانتهت إلى أن تدخل الدولة في مصر وليبيا في حق المرأة في المساواة بالرجل في شؤون تعدد الزوجات والطلاق والميراث هو تدخل ضروري لتلبية حاجة اجتماعية ملحة تفوق الحاجة إلى إعمال حق المرأة في المساواة بالرجل في هذه المسائل. كما أثبتت تحقق حالة التناسب في الإجراءات التقييدية من حيث إن وسائل التقييد المتبناة في قوانين الدولتين هي أخف الوسائل حدةً لتحقيق الأهداف المشروعة المتغياة من التقييد. وبالتالي: فإن القيود المفروضة على حق المرأة في المساواة في الشؤون المذكورة موافقة للشروط المقررة في القانون الدولي لحقوق الإنسان. |
| 530 ## - ADDITIONAL PHYSICAL FORM AVAILABLE NOTE | |
| Additional physical form available note | صدر ايضا كقرص مدمج |
| 653 #4 - INDEX TERM--UNCONTROLLED | |
| Uncontrolled term | الحق فى الخصوصية الثقافية |
| 653 #4 - INDEX TERM--UNCONTROLLED | |
| Uncontrolled term | الحق فى المساواة |
| 653 #4 - INDEX TERM--UNCONTROLLED | |
| Uncontrolled term | حقوق المرأة فى الاسلام |
| 700 0# - ADDED ENTRY--PERSONAL NAME | |
| Personal name | أحمد أبوالوفا محمد : |
| Relator term | |
| 856 ## - ELECTRONIC LOCATION AND ACCESS | |
| Uniform Resource Identifier | <a href="http://172.23.153.220/th.pdf">http://172.23.153.220/th.pdf</a> |
| 905 ## - LOCAL DATA ELEMENT E, LDE (RLIN) | |
| Cataloger | Nazla |
| Reviser | Revisor |
| 905 ## - LOCAL DATA ELEMENT E, LDE (RLIN) | |
| Cataloger | Soheir |
| Reviser | Cataloger |
| 942 ## - ADDED ENTRY ELEMENTS (KOHA) | |
| Source of classification or shelving scheme | Dewey Decimal Classification |
| Koha item type | Thesis |
| Source of classification or shelving scheme | Not for loan | Home library | Current library | Date acquired | Full call number | Barcode | Date last seen | Koha item type | Copy number |
|---|---|---|---|---|---|---|---|---|---|
| Dewey Decimal Classification | المكتبة المركزبة الجديدة - جامعة القاهرة | قاعة الرسائل الجامعية - الدور الاول | 11.02.2024 | Cai01.04.04.Ph.D.2017.عى.ح | 01010100022872000 | 22.09.2023 | Thesis | ||
| Dewey Decimal Classification | المكتبة المركزبة الجديدة - جامعة القاهرة | مخـــزن الرســائل الجـــامعية - البدروم | 11.02.2024 | Cai01.04.04.Ph.D.2017.عى.ح | 01020100022872000 | 22.09.2023 | CD - Rom | 22872.CD |